000
00303nam a2200121Ia 4500
100
_a
Thomas.R & Other
942
_c
BK
654
_a
Advanced Programmers Guide
245
_a
Advanced Programmers Guide to Unix System. V
260
_b
McGraw Hill
_a
Singapore
_c
1987
300
_a
575
546
_a
ENGLISH
999
_c
26144
_d
26144